Top 100 MLB Players 2025 - Statistics

General Stats
  • This quiz has been taken 77 times
  • The average score is 42 of 100
Answer Stats
WAR Seasons Team Position Player % Correct
87 15 Angels CF Mike Trout
93%
80 18 Dodgers Pitcher Clayton Kershaw
75%
80 20 Tigers Pitcher Justin Verlander
75%
63 16 Braves 1B Freddie Freeman
71%
48 12 Angels DH/Pitcher Shohei Ohtani
71%
75 18 Nationals Pitcher Max Scherzer
69%
53 15 Astros 2B Jose Altuve
68%
37 10 Athletics 1B Matt Olson
68%
73 12 Red Sox RF/SS/2B Mookie Betts
68%
59 10 Yankees RF Aaron Judge
66%
53 14 Nationals 1B Bryce Harper
64%
61 14 Orioles 3B Manny Machado
64%
64 15 Diamondbacks 1B Paul Goldschmidt
64%
28 8 Braves OF Ronald Acuna Jr
63%
53 11 Guardians SS Francisco Lindor
61%
55 13 Guardians 3B Jose Ramirez
61%
44 13 Brewers LF Christian Yelich
59%
43 12 Yankees Pitcher Gerrit Cole
59%
42 10 3B Astros Alex Bregman
58%
50 17 Pirates CF Andrew McCutchen
58%
45 11 Astros SS Carlos Correa
58%
39 17 Dodgers 3B/1B/2B Justin Turner
58%
58 13 Rockies 3B Nolan Arenado
58%
39 11 Nationals SS/2B/CF Trea Turner
58%
25 9 Red Sox 3B Rafael Devers
56%
35 14 Royals Catcher Salvador Perez
56%
22 7 Dodgers Catcher Will Smith
56%
40 8 Nationals OF Juan Soto
54%
24 7 Blue Jays 1B/3B Vladimir Guerrero Jr
54%
28 11 Twins CF Byron Buxton
53%
56 15 White Sox Pitcher Chris Sale
53%
45 16 Marlins RF/DH Giancarlo Stanton
53%
48 8 Mets Pitcher Jacob deGrom
53%
37 12 Phillies Catcher J.T. Realmuto
53%
23 7 Mets 1B Pete Alonso
53%
40 11 Phillies Pitcher Zack Wheeler
53%
39 12 Astros RF George Springer
51%
34 11 Diamondbacks 2B/SS/CF Ketel Marte
51%
27 8 Astros RF Kyle Tucker
51%
39 14 Pirates OF Starling Marte
51%
23 7 Astros DH/LF Yordan Alvarez
51%
23 16 Reds Pitcher Aroldis Chapman
49%
25 6 Padres RF/SS Fernando Tatis Jr
49%
41 9 Athletics 3B Matt Chapman
49%
35 11 Phillies Pitcher Aaron Nola
47%
26 10 Braves SS Dansby Swanson
47%
23 9 Braves 2B Ozzie Albies
47%
34 12 Nationals 3B Anthony Rendon
46%
24 10 Rays Pitcher Blake Snell
44%
19 7 Blue Jays SS Bo Bichette
44%
38 9 Dodgers OF/1B Cody Bellinger
44%
40 11 Dodgers SS Corey Seager
44%
26 10 Dodgers 3B/1B/2B Max Muncy
44%
33 10 Rockies SS/2B Trevor Story
44%
41 13 Red Sox 2B/SS Xander Bogaerts
44%
28 10 Cubs Catcher Wilson Contreras
42%
20 8 Brewers Pitcher Corbin Burnes
41%
19 4 Mariners CF Julio Rodriguez
39%
29 13 Marlins OF/DH Marcell Ozuna
39%
48 13 Athletics 2B/SS Marcus Semien
39%
23 7 Braves 3B Austin Riley
37%
19 10 Blue Jays OF Teoscar Hernandez
37%
22 8 Brewers SS Willy Adames
37%
19 4 Royals SS/3B Bobby Witt Jr
36%
19 7 Pirates OF Bryan Reynolds
32%
40 16 Guardians 1B/C Carlos Santana
32%
27 11 Cubs 3B/OF/1B Kris Bryant
32%
28 9 Braves Pitcher Max Fried
32%
20 7 Diamondbacks Pitcher Zac Gallen
32%
25 13 Orioles Pitcher Kevin Gausman
31%
20 7 Giants Pitcher Logan Webb
31%
26 10 Mets OF Brandon Nimmo
29%
28 12 Cubs SS/2B/3B Javier Baez
29%
22 8 Mets 2B/OF/3B Jeff McNeil
29%
30 11 White Sox 1B Jose Abreu
27%
24 14 Rangers Pitcher Nathan Eovaldi
27%
20 9 Cubs LF/2B Ian Happ
25%
19 6 Guardians 2B/SS Andres Gimenez
24%
20 11 White Sox Pitcher Carlos Rodon
24%
26 12 Reds 3B/SS Eugenio Suarez
24%
21 9 Mariners SS J.P. Crawford
24%
19 10 Royals Pitcher Seth Lugo
24%
19 7 Cubs 2B/SS Nico Hoerner
22%
34 13 Athletics Pitcher Sonny Gray
22%
31 15 Rockies 2B/3B/1B DJ LeMahieu
20%
25 9 Reds Pitcher Luis Castillo
20%
42 16 Braves RF Jason Heyward
19%
20 12 Diamondbacks Pitcher Robbie Ray
19%
20 7 Cardinals 2B/OF/SS Tommy Edman
19%
22 12 Cubs Pitcher Kyle Hendricks
17%
21 11 Twins RF Max Kepler
17%
33 13 Rangers Pitcher Yu Darvish
17%
22 16 Braves Pitcher Craig Kimbrel
15%
19 12 Twins SS/2B Jorge Polanco
15%
23 16 Dodgers Pitcher Kenley Jansen
15%
22 11 Blue Jays Pitcher Marcus Stroman
14%
20 13 Dodgers Catcher/1B Yasmani Grandal
12%
19 16 Guardians Pitcher Carlos Carrasco
7%
19 13 Rays Pitcher Alex Cobb
5%
32 14 White Sox Pitcher Jose Quintana
5%
No matching quizzes found
Score Distribution
Percent of People with Each Score
Percentile by Number Answered
Your Score History
You have not taken this quiz